000
00342pam a2200157a 44500
008
230515b2009 xxu||||| |||| 00| 0 eng d
020
_a
9788131506912
041
_a
ENGLISH
082
_a
0
100
_a
HUANG
245
_a
PIC MICROCONTROLLERS
250
_a
0
260
_a
PUNE
_b
DELMAR PUB
_c
2009
300
_a
790
650
_a
NULL
999
_c
603837
_d
603837